LE SSERAFIM all songs discography (11/25) - Statistics

General Stats
  • This quiz has been taken 491 times
    234 since last reset
  • The average score is 29 of 40
Answer Stats
FEARLESS % Correct
FEARLESS
99%
CRAZY
97%
HOT
97%
ANTIFRAGILE
96%
EASY
96%
SPAGHETTI
96%
DIFFERENT
94%
UNFORGIVEN
94%
Smart
89%
Blue Flame
84%
Perfect Night
84%
Sour Grapes
84%
Come Over
81%
Pierrot
81%
1800-hot-n-fun
79%
Ash
79%
Swan Song
76%
Impurities
74%
Crazier
71%
Eve, Psyche & the Bluebeard's Wife
69%
The World is My Oyster
69%
Fire in the Belly
68%
The Great Mermaid
67%
No Celestial
66%
So Cynical (Badum)
65%
Kawaii
64%
The Hydra
63%
Good Parts
61%
FEARNOT
59%
Good Bones
59%
Burn the Bridge
58%
Chasing Lightning
58%
No-Return (Into the Unknown)
58%
We got so much
57%
Choices
51%
Flash Forward
51%
Born Fire
49%
Pearlies (My oyster is the world)
45%
Jewelry
41%
Star Signs
41%
No matching quizzes found
Score Distribution
Percent of People with Each Score
Percentile by Number Answered
Your Score History
You have not taken this quiz since the last reset